000 00469nam a22001337a 4500
999 _c16014
_d16014
008 210204b ||||| |||| 00| 0 eng d
082 _21977
_aDFil 499.211
_bB21
100 _aBaltazar, Natalia A.
_936519
245 _aAng pagtuturo ng Pilipino (Filipino) sa mga di-Tagalog/
_cNatalia A. Baltazar
260 _aManila:
_b Rex Book Store,
_c©1977.
300 _axx, 198 pages;
_c22 cm.
650 _aFilipino language -- Study and teaching.
_942942
942 _2ddc
_cDFIL